000 00409pab a2200157 454500
008 180718b xxu||||| |||| 00| 0 eng d
100 _aNayak, Bandana
245 _aImpact of leadership style on organizational effectiveness
300 _ap.90-103.
362 _aFeb
650 _aLeadership
650 _aOrganizations
700 _aMishra, B.B.
773 _aManagement and Labour Studies
909 _a65556
999 _c65556
_d65556